Postavení žen v Demokratické republice Kongo

Problematika postavenia žien v rozvojových krajinách ako často diskutovaná téma. Ciele summitu tisícročia Organizácie spojených národov zamerané na ženy. Politická situácia v Demokratickej republike Kongo. Postavenie ženy v Demokratickej republike Kongo.

Saved in:
Bibliographic Details
Main Author: Ptáčníková, Iveta
Format: Book Chapter
Language:Czech
Subjects:
Tags: Add Tag
No Tags, Be the first to tag this record!

MARC

LEADER 00000naa a2200000 4500
001 0157465
005 20231016094947.4
041 0 |a cze 
044 |a CZ 
245 1 0 |a Postavení žen v Demokratické republice Kongo  |c Iveta Ptáčníková 
520 |a Problematika postavenia žien v rozvojových krajinách ako často diskutovaná téma. Ciele summitu tisícročia Organizácie spojených národov zamerané na ženy. Politická situácia v Demokratickej republike Kongo. Postavenie ženy v Demokratickej republike Kongo. 
610 2 0 |a spoločnosť 
610 2 0 |a ženy 
610 2 0 |a práva ľudské 
610 2 0 |a zdravie 
610 2 0 |a identita 
610 2 0 |a diskriminácia 
610 2 0 |a vojny 
610 2 0 |a chudoba 
610 2 0 |a politika 
610 2 0 |a Kongo 
100 1 |a Ptáčníková, Iveta